2k20 Leap Year Packs - Statistics

General Stats
  • This quiz has been taken 7 times
  • The average score is 9 of 13
Answer Stats
Picture Answer % Correct
Derrick Rose
100%
Lonzo Ball
100%
Paul George
100%
Tracy McGrady
100%
Kenneth Faried
80%
Rudy Gay
80%
Alex Caruso
60%
David Thompson
60%
Gerald Wallace
60%
Hamidou Diallo
60%
Nate Robinson
60%
Tom Chambers
60%
Robert Pack
20%
No matching quizzes found
Score Distribution
Percent of People with Each Score
Percentile by Number Answered
Your Score History
You have not taken this quiz